[Event "Regionalliga NW 1617"]
[Site "Bayern"]
[Date "2017.04.02"]
[Round "8.6"]
[White "Kemmerer, Toni"]
[Black "Pfadenhauer, Tobias"]
[Result "1-0"]
[WhiteElo "1834"]
[BlackElo "1855"]
[PlyCount "91"]
[EventDate "2016.10.16"]
[EventType "team-tourn"]
[EventRounds "9"]
[EventCountry "GER"]
[SourceTitle "EXT 2019"]
[Source "ChessBase"]
[SourceDate "2018.10.10"]
[SourceVersion "1"]
[SourceVersionDate "2018.10.10"]
[SourceQuality "1"]
[WhiteTeam "Moembris"]
[BlackTeam "Kronach"]
[WhiteTeamCountry "GER"]
[BlackTeamCountry "GER"]

1. e4 e6 2. d3 d5 3. Nd2 c5 4. Ngf3 Nc6 5. g3 Nf6 6. Bg2 Be7 7. 0-0 Qc7 8. Re1 0-0 9. Nf1 dxe4 10. dxe4 Rd8 11. Bd2 b6 12. Qe2 Bb7 13. c3 a5 14. e5 Ba6 15. Qe3 Nd5 16. Qe4 h6 17. h4 Bf8 18. h5 Nce7 19. a3 Bb7 20. Nh4 Bc6 21. Qe2 Qb7 22. Be4 Nc7 23. Qg4 Bxe4 24. Rxe4 Kh8 25. Rf4 Kg8 26. Rf6 Qd5 27. Re1 Ne8 28. Rf3 Nc6 29. Bf4 Rd7 30. Ne3 Nxe5 31. Nxd5 Nxg4 32. Nxb6 Rad8 33. Nxd7 Rxd7 34. Bc1 Nc7 35. Rf4 Ne5 36. Ra4 Nd3 37. Rd1 Be7 38. Nf3 Rd5 39. Rxa5 Nxc1 40. Rxc1 f6 41. Ra7 Bd6 42. Rc2 Rd3 43. Rd2 Rxd2 44. Nxd2 Nd5 45. Ne4 Be7 46. c4 1-0

[Event "Regionalliga NW 1617"]
[Site "Bayern"]
[Date "2017.02.05"]
[Round "5.7"]
[White "Kemmerer, Toni"]
[Black "Wuest, Michael"]
[Result "1/2-1/2"]
[WhiteElo "1834"]
[BlackElo "1861"]
[PlyCount "164"]
[EventDate "2016.10.16"]
[EventType "team-tourn"]
[EventRounds "9"]
[EventCountry "GER"]
[SourceTitle "EXT 2019"]
[Source "ChessBase"]
[SourceDate "2018.10.10"]
[SourceVersion "1"]
[SourceVersionDate "2018.10.10"]
[SourceQuality "1"]
[WhiteTeam "Moembris"]
[BlackTeam "Hof PTSV"]
[WhiteTeamCountry "GER"]
[BlackTeamCountry "GER"]

1. e4 c5 2. Nf3 d6 3. g3 Nf6 4. d3 Nc6 5. Bg2 g6 6. 0-0 Bg7 7. Re1 0-0 8. c3 e5 9. d4 Qc7 10. dxe5 dxe5 11. Qc2 Bg4 12. h3 Bxf3 13. Bxf3 Rad8 14. Be3 b6 15. Na3 a6 16. Rad1 h6 17. Kg2 Rfe8 18. Qe2 Qb7 19. Rxd8 Nxd8 20. Nc4 Bf8 21. Bc1 b5 22. Ne3 Qc7 23. Rd1 c4 24. Nd5 Nxd5 25. Rxd5 Ne6 26. Be3 f5 27. Qd1 f4 28. gxf4 exf4 29. Rd7 Qe5 30. Bd4 Qg5+ 31. Kh2 Qh4 32. Qg1 Ng5 33. Qg2 Nxf3+ 34. Qxf3 Be7 35. Qg4 Qxg4 36. hxg4 g5 37. f3 a5 38. Kg2 b4 39. Rc7 b3 40. Rxc4 Rb8 41. Ra4 bxa2 42. Rxa2 Rb5 43. Kf2 Kf7 44. Ke2 Kg6 45. Kd3 Bd8 46. Kc4 Rb8 47. b4 axb4 48. Ra6+ Kh7 49. Ra7+ Kg8 50. cxb4 Rc8+ 51. Bc5 Bc7 52. Kd5 Rd8+ 53. Ke6 Bb8 54. Rb7 Re8+ 55. Kd7 Kf7 56. Rb6 Rh8 57. Bd4 Ba7 58. Rd6 Bxd4 59. Rxd4 Rb8 60. Kc7 Rb5 61. Kc6 Rb8 62. b5 Rc8+ 63. Kb7 Rc3 64. b6 Rxf3 65. Kb8 Rb3 66. b7 f3 67. Rd2 Ke6 68. Rd5 Rb4 69. Rf5 Rxe4 70. Rxf3 Rxg4 71. Rh3 Rb4 72. Rxh6+ Kf5 73. Kc7 Rxb7+ 74. Kxb7 g4 75. Kc6 g3 76. Rh8 Kf4 77. Kd5 g2 78. Rg8 Kf3 79. Kd4 Kf2 80. Rf8+ Ke2 81. Rg8 Kf2 82. Rf8+ Ke2 1/2-1/2

[Event "Regionalliga NW 1617"]
[Site "Bayern"]
[Date "2016.10.16"]
[Round "1.7"]
[White "Kinkelin, Ulrich"]
[Black "Kemmerer, Toni"]
[Result "1-0"]
[WhiteElo "1900"]
[BlackElo "1834"]
[PlyCount "73"]
[EventDate "2016.10.16"]
[EventType "team-tourn"]
[EventRounds "9"]
[EventCountry "GER"]
[SourceTitle "EXT 2019"]
[Source "ChessBase"]
[SourceDate "2018.10.10"]
[SourceVersion "1"]
[SourceVersionDate "2018.10.10"]
[SourceQuality "1"]
[WhiteTeam "Wuerzburg"]
[BlackTeam "Moembris"]
[WhiteTeamCountry "GER"]
[BlackTeamCountry "GER"]

1. e4 g6 2. d4 Bg7 3. c4 d6 4. Nc3 Nc6 5. Be3 e5 6. Nge2 Nf6 7. d5 Ne7 8. f3 0-0 9. Qd2 Ne8 10. g4 f5 11. gxf5 gxf5 12. Bh6 Ng6 13. Bxg7 Qh4+ 14. Ng3 Nxg7 15. 0-0-0 f4 16. Nge2 a6 17. Kb1 Qf2 18. Ng1 Qxd2 19. Rxd2 Nh4 20. Rf2 Rf6 21. Nge2 Rg6 22. Nc1 Bd7 23. c5 Kf7 24. b4 Kf6 25. a4 a5 26. bxa5 dxc5 27. Nb3 b6 28. d6 Bc6 29. dxc7 bxa5 30. Nxa5 Ke7 31. Nxc6+ Rxc6 32. Bb5 Rxc7 33. Nd5+ Kd8 34. Nxc7 Kxc7 35. Rd1 Ne6 36. Rd7+ Kc8 37. Rxh7 1-0

[Event "Regionalliga NW 1516"]
[Site "Bayern"]
[Date "2016.01.31"]
[Round "6.7"]
[White "Kemmerer, Toni"]
[Black "Schwarzmann, Holger"]
[Result "1/2-1/2"]
[WhiteElo "1858"]
[BlackElo "1834"]
[PlyCount "50"]
[EventDate "2015.10.11"]
[EventType "team-tourn"]
[EventRounds "9"]
[EventCountry "GER"]
[SourceTitle "EXT 2018"]
[Source "ChessBase"]
[SourceDate "2017.10.13"]
[SourceVersion "1"]
[SourceVersionDate "2017.10.13"]
[SourceQuality "1"]
[WhiteTeam "Moembris"]
[BlackTeam "Hoechstadt/Aisch"]
[WhiteTeamCountry "GER"]
[BlackTeamCountry "GER"]

1. e4 d5 2. Nc3 d4 3. Nce2 Nc6 4. d3 e5 5. f4 Nf6 6. Nf3 Bd6 7. fxe5 Bxe5 8. Nxe5 Nxe5 9. Nf4 0-0 10. Be2 c5 11. 0-0 Bd7 12. Qe1 Qb6 13. Qg3 Rfe8 14. Nh5 Nxh5 15. Bxh5 Ng6 16. b3 Rac8 17. Qf2 Be6 18. Bd2 Qd6 19. a4 Rf8 20. Bxg6 hxg6 21. Bf4 Qe7 22. Qg3 Rfe8 23. Bd6 Qd8 24. Bf4 Qe7 25. Bd6 Qd8 1/2-1/2

[Event "Regionalliga NW 1516"]
[Site "Bayern"]
[Date "2016.01.17"]
[Round "5.7"]
[White "Kuespert, Helmut"]
[Black "Kemmerer, Toni"]
[Result "1/2-1/2"]
[WhiteElo "1924"]
[BlackElo "1858"]
[PlyCount "68"]
[EventDate "2015.10.11"]
[EventType "team-tourn"]
[EventRounds "9"]
[EventCountry "GER"]
[SourceTitle "EXT 2018"]
[Source "ChessBase"]
[SourceDate "2017.10.13"]
[SourceVersion "1"]
[SourceVersionDate "2017.10.13"]
[SourceQuality "1"]
[WhiteTeam "Marktleuthen"]
[BlackTeam "Moembris"]
[WhiteTeamCountry "GER"]
[BlackTeamCountry "GER"]

1. e4 g6 2. d4 Bg7 3. c3 d6 4. Bd3 e5 5. Ne2 Nc6 6. d5 Nce7 7. f3 f5 8. Be3 Nf6 9. h3 0-0 10. Nd2 c5 11. c4 f4 12. Bf2 a6 13. Qc2 Bd7 14. Nc3 Qe8 15. a4 g5 16. Qb3 Qb8 17. Ke2 Nh5 18. Nf1 Qc8 19. Ra3 Ng6 20. a5 Nh4 21. Rg1 Kh8 22. Na4 Be8 23. Qb6 Qd7 24. Nc3 Bf6 25. Qb3 Bd8 26. Na4 Qf7 27. Nb6 Rb8 28. Qc3 Bxb6 29. axb6 Nf6 30. b4 cxb4 31. Qxb4 Rd8 32. c5 dxc5 33. Bxc5 Rg8 34. Be7 Rc8 1/2-1/2

[Event "Regionalliga NW 1516"]
[Site "Bayern"]
[Date "2015.10.25"]
[Round "2.7"]
[White "Kemmerer, Toni"]
[Black "Weikert, Benedikt"]
[Result "1/2-1/2"]
[WhiteElo "1858"]
[BlackElo "1705"]
[PlyCount "122"]
[EventDate "2015.10.11"]
[EventType "team-tourn"]
[EventRounds "9"]
[EventCountry "GER"]
[SourceTitle "EXT 2018"]
[Source "ChessBase"]
[SourceDate "2017.10.13"]
[SourceVersion "1"]
[SourceVersionDate "2017.10.13"]
[SourceQuality "1"]
[WhiteTeam "Moembris"]
[BlackTeam "Bad Koenigshofen"]
[WhiteTeamCountry "GER"]
[BlackTeamCountry "GER"]

1. e4 c6 2. d3 e5 3. Nf3 Qc7 4. Nc3 Bb4 5. Bd2 Nf6 6. Be2 d5 7. a3 Ba5 8. b4 Bb6 9. 0-0 Be6 10. Ng5 0-0 11. Na4 Bc8 12. Nxb6 axb6 13. f4 Nbd7 14. fxe5 Qxe5 15. Nf3 Qe7 16. exd5 Nxd5 17. Re1 Qf6 18. Bg5 Qb2 19. Qc1 Qxc1 20. Rexc1 Re8 21. Kf2 Nc3 22. Bf1 Nb5 23. c4 Nd6 24. Bf4 Nf5 25. g4 Ne7 26. g5 Ng6 27. Bc7 Ngf8 28. h4 Ne6 29. Bd6 Ndf8 30. Rd1 Ng6 31. h5 Ngf4 32. h6 Rd8 33. Be5 Ng6 34. Bb2 gxh6 35. gxh6 Nef4 36. Ng5 Bg4 37. Rd2 f5 38. d4 Rd7 39. a4 Re8 40. a5 bxa5 41. Rxa5 Ne6 42. Nxe6 Rxe6 43. Bd3 Nh4 44. Kg3 Nf3 45. Re2 Rxe2 46. Bxe2 Nxd4 47. Bxg4 fxg4 48. Rg5+ Kf8 49. Kxg4 Ne6 50. Re5 Rd2 51. Bc3 Rc2 52. Rf5+ Ke7 53. Rf3 Rh2 54. Bf6+ Kd7 55. Bg7 Rc2 56. Rf7+ Kc8 57. Kf5 Nd8 58. Rf8 Kd7 59. Bf6 Rf2+ 60. Ke5 Re2+ 61. Kf5 Rf2+ 1/2-1/2

[Event "Regionalliga NW 1415"]
[Site "Bayern"]
[Date "2015.02.22"]
[Round "7.7"]
[White "Sittinger, Lutz"]
[Black "Kemmerer, Toni"]
[Result "0-1"]
[WhiteElo "1774"]
[BlackElo "1858"]
[PlyCount "84"]
[EventDate "2014.10.19"]
[EventType "team-tourn"]
[EventRounds "9"]
[EventCountry "GER"]
[SourceTitle "EXT 2018"]
[Source "ChessBase"]
[SourceDate "2017.10.13"]
[SourceVersion "1"]
[SourceVersionDate "2017.10.13"]
[SourceQuality "1"]
[WhiteTeam "Mainaschaff"]
[BlackTeam "Moembris"]
[WhiteTeamCountry "GER"]
[BlackTeamCountry "GER"]

1. d4 g6 2. c4 Bg7 3. Nc3 d6 4. e4 Nc6 5. Be3 e5 6. d5 Nce7 7. f3 f5 8. Bd3 Nf6 9. Nge2 0-0 10. Qd2 a6 11. Bh6 Bd7 12. Bxg7 Kxg7 13. exf5 gxf5 14. Ng3 Qe8 15. Qg5+ Kh8 16. 0-0-0 Qf7 17. Rdg1 Rg8 18. Qd2 Raf8 19. Qc2 Nh5 20. Nce2 c5 21. b3 b5 22. Qc3 b4 23. Qb2 Rg7 24. Kb1 Qg6 25. Nf1 Qh6 26. g3 Nf6 27. Qd2 Qh3 28. Qc2 a5 29. Ne3 Nfg8 30. Ng2 Qh5 31. Ne1 Nf6 32. Qd2 a4 33. h3 Qf7 34. g4 axb3 35. axb3 Ra8 36. gxf5 Nxf5 37. Rxg7 Qxg7 38. Rg1 Qf7 39. Rg5 Nh4 40. Ng2 Nxf3 41. Qe3 Nxg5 42. Qxg5 Rg8 0-1

[Event "Unterfranken-ch M2 51th"]
[Site "Sailauf"]
[Date "2000.04.26"]
[Round "4"]
[White "Hassler, Guenther"]
[Black "Kemmerer, Toni"]
[Result "1-0"]
[WhiteElo "1903"]
[BlackElo "1841"]
[PlyCount "69"]
[EventDate "2000.04.24"]
[EventType "swiss"]
[EventRounds "9"]
[EventCountry "GER"]
[SourceTitle "EXT 2015"]
[Source "ChessBase"]
[SourceDate "2014.11.20"]
[SourceVersion "1"]
[SourceVersionDate "2014.11.20"]
[SourceQuality "1"]

1. e4 g6 2. d4 Bg7 3. f4 d6 4. Nf3 Nf6 5. Bd3 0-0 6. 0-0 c5 7. c3 Bg4 8. Na3 Nfd7 9. Be3 a6 10. h3 Bxf3 11. Qxf3 Nc6 12. d5 Na7 13. Rad1 b5 14. Qf2 Qc7 15. Bb1 a5 16. Rc1 b4 17. cxb4 axb4 18. Nc4 Nb5 19. e5 Nb6 20. exd6 exd6 21. Nxb6 Qxb6 22. f5 Bf6 23. Kh1 Kg7 24. Qf4 g5 25. Qg4 h6 26. Rf3 Qd8 27. Rcf1 Rh8 28. Qh5 Qe7 29. Rg3 Rae8 30. h4 c4 31. Kg1 c3 32. Qg4 cxb2 33. hxg5 hxg5 34. Bxg5 Kf8 35. Bh6+ 1-0